A short introduction to counselling
Kaydedildi:
| Yazar: | |
|---|---|
| Materyal Türü: | Kitap |
| Dil: | İngilizce |
| Baskı/Yayın Bilgisi: |
Sage Publication
2014
|
| Etiketler: |
Etiketle
Etiket eklenmemiş, İlk siz ekleyin!
|
MARC
| LEADER | 00000nam a22000007a 4500 | ||
|---|---|---|---|
| 008 | 210122b ||||| |||| 00| 0 eng d | ||
| 020 | |a 978-1-4462-5257-4 | ||
| 100 | |a ALDRIDGE, Sally. | ||
| 245 | |a A short introduction to counselling |c Sally Aldridge |f Short introductions to the therapy professions |g 192p; ill. | ||
| 260 | |b Sage Publication |c 2014 |h Los Angeles |i 692741 |i 692742 |l BF636.6 .Al2 |m Counselling |m Counselling – Vocational guidance | ||
| 942 | |a lcc |c BK |e YUNUSA, A.A. |f 22/01/2021 | ||
| 952 | |0 0 |1 0 |2 lcc |4 0 |6 BF06366 A L2 |7 0 |9 1459 |a HOL |b SSL |c AF |d 2021-01-22 |l 0 |o BF636.6 .Al2 |p 2021-0256 |r 2021-01-22 00:00:00 |w 2021-01-22 |y BK | ||
| 952 | |0 0 |1 0 |2 lcc |4 0 |6 BF06366 A L2 |7 0 |9 1460 |a HOL |b HOL |c AF |d 2021-01-22 |l 0 |o BF636.6 .Al2 |p 2021-0257 |r 2021-01-22 00:00:00 |w 2021-01-22 |y BK | ||
| 999 | |c 764 |d 764 | ||